Top 10 Fortune 500 Companies Quiz Stats

 Plays Quiz not verified by Sporcle

Score 0/10 Timer 03:00
0 Plays Today
Company % Correct
Wal-Mart Stores
72.7%
General Electric
62.7%
Ford Motor
57.3%
Exxon Mobil
55.5%
Chevron
41.8%
Bank of America Corp.
38.2%
AT&T
30.9%
J.P. Morgan Chase & Co.
25.5%
ConocoPhillips
22.7%
Hewlett-Packard
21.8%

You're not logged in!

Compare scores with friends on all Sporcle quizzes.
OR
Log In

Show Comments

Extras

Top Quizzes Today


Score Distribution

Your Account Isn't Verified!

In order to create a playlist on Sporcle, you need to verify the email address you used during registration. Go to your Sporcle Settings to finish the process.

Report this User

Report this user for behavior that violates our Community Guidelines.

Details: